Le Sens des réalités (notice n° 1662556)
[ vue normale ]
| 000 -LEADER | |
|---|---|
| fixed length control field | 02028cam a2200157 4500500 |
| 005 - DATE AND TIME OF LATEST TRANSACTION | |
| control field | 20260222000229.0 |
| 041 ## - LANGUAGE CODE | |
| Language code of text/sound track or separate title | fre |
| 042 ## - AUTHENTICATION CODE | |
| Authentication code | dc |
| 100 10 - MAIN ENTRY--PERSONAL NAME | |
| Personal name | Berlin, Isaiah |
| Relator term | author |
| 245 00 - TITLE STATEMENT | |
| Title | Le Sens des réalités |
| 260 ## - PUBLICATION, DISTRIBUTION, ETC. | |
| Name of publisher, distributor, etc. | Les Belles lettres,<br/> |
| Date of publication, distribution, etc. | 2011.<br/> |
| 520 ## - SUMMARY, ETC. | |
| Summary, etc. | Le Sens des réalités contient l’essentiel de la pensée d’Isaiah Berlin. On y retrouve tous les thèmes qui ont nourri son œuvre : le mouvement romantique, sa genèse et ses implications, l’histoire des théories socialistes et marxistes, le nationalisme et ses racines, l’engagement de l’intellectuel et, finalement, la conviction de Berlin que les idées ont une importance déterminante dans la destinée de l’humanité. Se lisent aussi, en filigrane, les questions qui l’ont tiraillé toute sa vie – comment construire une société décente ? comment prendre une bonne décision ? pourquoi certaines idées, plutôt nobles et belles au départ, en viennent-elles à nourrir les pires idéologies ? Et pour trouver les réponses, une qualité lui semble alors indispensable – le sens des réalités. Né en 1909 à Riga, en Lettonie, Isaiah Berlin passe une partie de son enfance en Russie. Deux ans après la révolution bolchevique de 1917, sa famille quitte le pays et s’installe en Angleterre. Après de brillantes études à Oxford, Berlin entame une carrière de diplomate et rencontre des figures marquantes du xxe siècle. De retour à Oxford, il reprend la vie académique en tant que professeur de théorie politique. Sa réputation grandit très vite, il fonde le Wolfson College à l’université d’Oxford avant d’être nommé Président de la British Academy. Couronné par de nombreux prix pour ses travaux d’historien des idées, il laisse une œuvre considérable dont son ouvrage Éloge de la liberté. |
| 700 10 - ADDED ENTRY--PERSONAL NAME | |
| Personal name | Delannoi, Gil |
| Relator term | author |
| 700 10 - ADDED ENTRY--PERSONAL NAME | |
| Personal name | Butin, Alexis |
| Relator term | author |
| 856 41 - ELECTRONIC LOCATION AND ACCESS | |
| Uniform Resource Identifier | <a href="https://shs.cairn.info/le-sens-des-realites--9782251200095?lang=fr&redirect-ssocas=7080">https://shs.cairn.info/le-sens-des-realites--9782251200095?lang=fr&redirect-ssocas=7080</a> |
Pas d'exemplaire disponible.




Réseaux sociaux